000 01173nam a2200325 i 4500
003 DO-SdBNP
005 20240822131630.0
007 ta
008 240822s2024 xxu r 000 p spa d
020 _a9781952336270 (13)
040 _aDO-SdBNP
_bspa
_cBNPHU
_erda
041 _aspa
_deng
082 4 _aRD861.44
_bG146a
_222
100 1 _aGalán, Tomás Modesto,
_d1951-
_925456
_eautor
245 1 0 _aAmor en bicicleta = Love on a bicycle :
_by otros poemas = and other poems /
_cTomás Modesto Galán ; traducción Pilar González ; edición María Postigo y Carrie Summerford
264 1 _aNueva York, Estados Unidos :
_bArtepoética press,
_c2024.
300 _a189 páginas ;
_c22 cm.
336 _2rdacontent
_atexto
_btxt
337 _2rdamedia
_asin mediación
_bn
338 _2rdacarrier
_avolumen
_bnc
500 _aTexto en español e inglés
590 _aInventariado, 2024/ YL
650 4 _aPoesía dominicana
_9223
650 4 _aLiteratura dominicana
700 1 _aGonzález, Pilar
_etraducción
_986379
700 1 _aPostigo, María
_eedición
_986380
700 1 _aSummerford, Carrie
_eedición
_986381
910 _aYLockward
942 _2ddc
_cLBS1
999 _c57530
_d57530